Statistics for US Metro Areas with the Most Commuter Rail Boardings

Click here to take the quiz!

General Stats

  • This quiz has been taken 154 times
    (82 since last reset)
  • The average score is 5 of 5

Answer Stats

Boardings (2019)Metro Area (US)% Correct
292.6 millionNew York
100%
32.4 millionBoston
96%
70.1 millionChicago
96%
35.6 millionPhiladelphia
90%
23.2 millionSan Francisco / San Jose
80%

Score Distribution

Percentile by Number Answered

Percent of People with Each Score

Your Score History

You have not taken this quiz since the last reset